000 00591cam a22002053a 4500
001 43590
003 PGUSA
005 20140828084006.0
008 130831s2013||||xxu|||||s|||||000 | eng d
040 _aPGUSA
_beng
042 _adc
100 1 _aStevens, Hazard
245 1 4 _aThe Life of Isaac Ingalls Stevens, Volume II (of 2)
_h[electronic resource] /
_cHazard Stevens
260 _bProject Gutenberg,
_c2013
506 _aPublic domain in the USA.
516 _aElectronic text
830 0 _aProject Gutenberg
_v43590
856 4 0 _uhttp://www.gutenberg.org/ebooks/43590
942 _cEB
999 _c272841
_d272841